| 000 | 00671nam a22001577a 4500 | ||
|---|---|---|---|
| 003 | OSt | ||
| 005 | 20151028143818.0 | ||
| 008 | 151027b xxu||||| |||| 00| 0 eng d | ||
| 040 | _cRUA | ||
| 082 | _a AVM CHH 2013 B111 Or.1 | ||
| 100 |
_92954 _aCHHENG, CHHAYRITH. |
||
| 245 | _aVillage animal health work service on cattle raising in kohthom disrtict, kandal provine, សេវាកម្មភ្នាក់ងារសុខភាពសត្វភូមិទៅលើការចិញ្ចឹមគោនៅស្រុកកោះធំ ខេត្តកណ្តាល | ||
| 260 |
_aPhnom Penh _bRUA _c2013 |
||
| 300 |
_axi; 49p. _bill. _c29cm. |
||
| 942 |
_2ddc _cAVM |
||
| 999 |
_c2769 _d2769 |
||